| 000 | 00409nam a2200169Ia 4500 | ||
|---|---|---|---|
| 008 | 230524s9999 xx 000 0 und d | ||
| 082 |
_a658.43 _bMUB |
||
| 100 |
_aAbdul Mumbeen _931123 |
||
| 245 | 0 | _aMaterial Science | |
| 250 | _a2ND | ||
| 260 |
_aNEW DELHI _bKhanna _c2004 |
||
| 300 | _aXI;716 | ||
| 500 | _aQuantity Number: 1 | ||
| 650 | _aChemistry | ||
| 700 |
_a Farhat Mumbeen _931124 |
||
| 942 | _cBK | ||
| 999 |
_c44277 _d44277 |
||